अजितकुमार रचना-संचयन / (Record no. 205344)

MARC details
000 -LEADER
fixed length control field 00965nam a22002057a 4500
005 - DATE AND TIME OF LATEST TRANSACTION
control field 20240828123231.0
010 ## - LCCN (DPL NO)
LC control number B-760228
020 ## - INTERNATIONAL STANDARD BOOK NUMBER
Terms of availability 450.00
International Standard Book Number 9789381467053
035 ## - SYSTEM CONTROL NUMBER
System control number B-760228
037 ## - SOURCE OF ACQUISITION
Source of stock number/acquisition उपहार
082 ## - DEWEY DECIMAL CLASSIFICATION NUMBER
Classification number 821
245 ## - TITLE STATEMENT
Title अजितकुमार रचना-संचयन /
Remainder of title गंगाप्रसाद विमल द्वारा संपादित
260 ## - PUBLICATION, DISTRIBUTION, ETC. (IMPRINT)
Place of publication, distribution, etc नई दिल्ली
Name of publisher, distributor, etc किताबघर प्रकाशन
Date of publication, distribution, etc 2011
270 ## - ADDRESS
City नई दिल्ली
Address 4855-56/24,अंसारी रोड, दरियागंज
Postal code 110002
300 1# - PHYSICAL DESCRIPTION
Extent 316पृ.
Dimensions 22सेमी (सजिल्द)
650 ## - SUBJECT ADDED ENTRY--TOPICAL TERM
Topical term or geographic name as entry element हिन्दी कविता
700 ## - ADDED ENTRY--PERSONAL NAME
9 (RLIN) 39143
Personal name विमल,गंगाप्रसाद
942 ## - ADDED ENTRY ELEMENTS (KOHA)
Source of classification or shelving scheme Dewey Decimal Classification
Item type Hindi Books
Call number suffix अजित
Classification part 821
Holdings
Withdrawn status Lost status Not for loan Collection code Home library Current library Date acquired Source of acquisition Cost, normal purchase price Full call number Barcode Copy number Cost, replacement price Koha item type Public note
      Non-fiction Central Library Central Library 28/08/2024 उपहार27.08.2024 450.00 अजित 821 B-760228 1 450.00 Hindi Books उपहार

© Delhi Public Library
Hit Counter
free hit counter